000 00973cab a2200265 4500
001 WB3506-29
008 090401t1999 xxu||||| |||| 00| 0 eng d
035 _a(Sirsi) u91228
041 _aeng
245 _aFrench quoted company stock
260 _c1999
350 _a0
490 _aEuroProperty
_vDecember/January 1999, 8(1)
520 _aThe Institute de l`Epargne Immobiliere et Fonciere`s French Quoted Property Securities 3rd quarter 1998 report has found that institutional investors are moving from direct real estate assets to the indirect market in property company shares. There is also a slow growth in international interest.
650 _aFINANCIAL ANALYSIS
650 _aFRANCE
650 _aGEARING
650 _aINTERNATIONAL INVESTMENT
650 _aINVESTMENT PROPERTY
650 _aPROPERTY COMPANY SHARES
650 _aPROPERTY INVESTMENT
690 _aPROPERTY-PROPERTY FINANCE AND INVESTMENT
942 _n0
948 _c11/02/1999
999 _c57887
_d57887